| 000 | 00546nam a22001817a 4500 | ||
|---|---|---|---|
| 005 | 20250602130131.0 | ||
| 008 | 250602b |||||||| |||| 00| 0 eng d | ||
| 020 | _a9781485133759 | ||
| 041 | _aEnglish | ||
| 082 | _a344.1 GRO | ||
| 100 |
_aGrogan J _lEnglish |
||
| 245 |
_aLabour Litigation and Dispute Resolution / _cJ Grogan |
||
| 250 | _aThird Edition | ||
| 260 |
_aCape Town: _bJuta and Company (Pty) Ltd, _c2019 |
||
| 300 |
_bxviii, 567 pages; _c26 cm. |
||
| 650 |
_aLegal Practice _bLaw |
||
| 942 |
_cBK _6ALISON_BN_VRIES |
||
| 999 |
_c3302 _d3302 |
||